| 000 | 00927nam a2200253 i 4500 | ||
|---|---|---|---|
| 003 | DO-SdBNP | ||
| 005 | 20251010105428.0 | ||
| 007 | ta | ||
| 008 | 250819t1979 dr 000 0 spa d | ||
| 040 |
_aDO-SdBNP _bspa _cBNPHU _erda |
||
| 041 | _aspa | ||
| 082 | 4 |
_axxxx _bS779 _222 |
|
| 100 | 1 |
_aStagno, Horacio Hugo _eautor _4aut. _916059 |
|
| 245 | 1 | 0 |
_aIntroducción al a economía del a producción y a la administración rural / _cHoracio H. Stagno ; introducción, Joaquín Nolasco |
| 264 | 1 |
_aSanto Domingo, República Dominicana : _bSecretaría de Estado de Agricultura, _bEdiciones Dominicanas Populares, _c1979. |
|
| 300 |
_a147 páginas _c24 cm. |
||
| 336 |
_atexto _btxt _2rdacontent |
||
| 337 |
_asin mediación _bn _2rdamedia |
||
| 338 |
_avolumen _bnc _2rdacarrier |
||
| 590 | _aInventariado, 2025/ YL | ||
| 700 |
_aNolasco, Joaquín _eintroducción _4introd. _988516 |
||
| 910 | _aYLockward | ||
| 942 |
_2ddc _cLBS1 |
||
| 999 |
_c59798 _d59798 |
||